| 000 | 00769nam a22002297a 4500 | ||
|---|---|---|---|
| 005 | 20170124110011.0 | ||
| 010 | _aB-227536 | ||
| 020 |
_c475.00 _a8190292927 |
||
| 035 | _aB-227536 | ||
| 037 | _bCen Lib/Ret | ||
| 040 |
_aDPL _bEN |
||
| 082 |
_a352.054 _bSHA |
||
| 100 |
_aSharma, Saroj _917817 |
||
| 245 |
_aDelhi Municipal Corporation : _cby Saroj Sharma _bperformance and challenges / |
||
| 260 |
_aNew Delhi _bShakti Book House _c2006 |
||
| 270 |
_a3-B,DDA Flats, Mansarover Park, Shahdara _bNew Delhi _e110032 |
||
| 300 |
_axi,246p. _c20cm(Hb) |
||
| 500 | _aIncludes bibliographical references | ||
| 650 |
_aDelhi (India) -- Politics and government. _917818 |
||
| 650 |
_aPolitics and government. _917975 |
||
| 942 |
_2ddc _cEN _h352.054 _mSHA |
||
| 999 |
_c126553 _d126553 |
||